000 01826nam a2200409 a 4500
005 20240516110336.0
008 100810s2004||||us a f |||| 001 0 spa d
020 _a1880696193
041 _aspa
092 _c617.1
_l13
_sCOM
110 1 _aComité de Trauma del Colegio Americano de Cirujanos.
_91874
245 _aATLS Programa Avanzado de Apoyo Vital en Trauma para Médicos.
_bManual del curso /
_cComite de Trauma del Colegio Americano de Cirujanos
250 _a7a ed. en español, de la 7a ed. en inglés
_bTraducción Guillermo Arana
260 _aArgentina:
_bPrensa Médica Argentina;
_c2005.
300 _a407 p.
500 _aComité de Trauma del Colegio Americano de Cirujanos. (2005). ATLS. Programa Avanzado de Apoyo Vital en Trauma para Médicos. Manual del curso. (7a ed.). Argentina : Prensa Médica Argentina.
653 _aEvaluación y tratamientos iniciales
653 _aManejo de la vía aérea y la ventilación
653 _aChoque
653 _aTrauma torácico
653 _aTrauma abdominal
653 _aTrauma craneoencefálico
653 _aTrauma de la columna vertebral y medula espinal
653 _aTrauma musculoesquelético
653 _aLesiones por quemaduras y por exposición al frio
653 _aExtremos de la edad
653 _aTrauma en la mujer
653 _aTraslado para cuidados definitivos
653 _aApéndice: Prevención de lesiones
653 _aApéndice: Biomecánica de las lesiones
653 _aApéndice: Inmunización para la prevención del Tétanos
653 _aApéndice: Clasificaciones de trauma revisada y pediátrica
653 _aApéndice: Muestra de la hoja de flujo de trauma
653 _aApéndice: Trauma ocular
653 _aApéndice: Cuidado de lesiones en ambientes austeros y hostiles
942 _2ddc
_cBK
999 _c1146
_d1146